000 00533nam a2200193Ia 4500
003 GCL
008 140319s9999 xx 000 0 ara d
040 _aGCL /
_cGCL
082 0 4 _a801.95
_bم ف
100 1 _aمحمد غنيمى هلال
245 1 0 _aفى النقد المسرحى /
_cمحمد غنيمى هلال
300 _a143
490 _aكتاب
_v0
650 0 4 _aالادب
650 0 4 _aالادب - تاريخ ونقد
650 0 4 _aالمسرح العربى
650 0 4 _aتاريخ ونقد
942 _2ddc
_cBK
999 _c42100
_d42100